000 00281nam a2200109Ia 4500
008 220204s9999 xx 000 0 und d
082 _a539.6
_bMIL
100 _aMillwe, William H
245 0 _aDynamics of molecular collisions.Part B
260 _aLondon
_bPlenum
_c1976
942 _cBK
999 _c27931
_d27931